000
00329nam a22001577a 4500
003
SGT
020
_a
81-224-1531-8
082
_a
658.8342
_b
C04K
100
_a
KHAN, MATIN
245
_a
CONSUMER BEHAVIOUR
250
_a
2ND
260
_a
NEW DELHI
_b
NEW AGE PUB
_c
2004
300
_a
229
650
_a
PHARMACY
942
_2
ddc
_c
BK
999
_c
11214
_d
11214